| 000 | 00789nam a2200205Ia 4500 | ||
|---|---|---|---|
| 003 | 0 | ||
| 005 | 20250116143251.0 | ||
| 008 | 161205s9999 xx 000 0 und d | ||
| 050 |
_aPHS LB 2832.2 _b.R696 2015 |
||
| 100 | _aRodriguez, Leah Monica A. | ||
| 245 | 4 |
_aThe relationship of the level of extraversion and work ethic of SISC high school teachers _cLeah Monica A. Rodriguez |
|
| 260 |
_aLas PiƱas, Philippines : _bSouthville International School and Colleges, _c2015. |
||
| 300 |
_aiii, 39 p. : _bill. ; _c28 cm. |
||
| 504 | _aIncludes bibliographical references. | ||
| 650 | _aExtraversion (Psychology). | ||
| 650 |
_aWork ethic _vPsychological aspects. |
||
| 650 |
_aHigh school teachers _vPsychology. |
||
| 650 |
_aTeachers _vProfessional characteristics. |
||
| 942 |
_2lcc _cPASS |
||
| 999 |
_c305319 _d305319 |
||